000 00982nam a2200265 4500
001 118911
003 ES-MaACL
005 20250927162918.0
007 t|
008 070214s1980 sp r ||||1| spa d
020 _a84-252-0915-3
100 1 _aPevsner, Nikolaus.
_991583
245 1 0 _aHistoria de las tipologías arquitectónicas /
_cNikolaus Pevsner ; prólogo de Oriol Bohigas ; versión de Anna María Pujol i Puigvehí, Esteve Riambau i Saurí ; revisión bibliográfica de Joaquín Romaguera i Ramió.
250 _a2ª. ed.
260 _aBarcelona :
_bGustavo Gili,
_c1980.
300 _a447 p. :
_bil. ;
_c25 cm.
490 1 _aBiblioteca de arquitectura
700 1 _aBohigas, Oriol.
_929819
700 1 _aPujol i Puigvehí, Anna María.
_994353
700 1 _aRiambau, Esteve,
_d1925-1994
_9156353
700 1 _aRomaguera i Ramió, Joaquín.
_9186429
830 0 _aBiblioteca de arquitectura
_9182009
852 _aES-MaACL
_jE-1317
999 _c118911
_d118911